| 000 | 01099nam a2200229 4500 | ||
|---|---|---|---|
| 001 | 127844 | ||
| 003 | ES-MaACL | ||
| 005 | 20251005063112.0 | ||
| 007 | t| | ||
| 008 | 070214s1927 sp r ||||1| spa d | ||
| 100 | 1 |
_aRío Hortega, Pío del, _d1882-1945 _997326 |
|
| 245 | 1 | 0 |
_aFundamentos y reglas de una técnica de impreganación férrica aplicable especialmente al sistema retículo-endotelial / _cPío del Río Hortega. |
| 260 |
_aMadrid : _bJunta para Ampliación de Estudios e Investigaciones Científicas, _c1927. |
||
| 300 |
_a14 p. ; _c24 cm. |
||
| 490 | 1 |
_aTrabajos del Laboratorio de Histopatología de la Junta para Ampliación de Estudios ; _v74 |
|
| 500 | _aSeparata de: Boletín de la Real Sociedad Española de Historia Natural, 1927. | ||
| 710 | 2 |
_aJunta para la Ampliación de Estudios e Investigaciones Científicas. _95413 |
|
| 710 | 2 |
_aReal Sociedad Española de Historia Natural _96397 |
|
| 830 | 0 | 0 |
_aTrabajos del Laboratorio de Histopatología de la Junta para Ampliación de Estudios _v74 _9184307 |
| 852 |
_aES-MaACL _j1738-F-10 |
||
| 999 |
_c127844 _d127844 |
||